000 01269nam a2200265Ia 4500
003 OSt
005 20220930094736.0
006 a|||||r|||| 00| 0
007 ta
008 220926b |||||||| |||| 00| 0 hin d
024 _a10173
037 _cTheses
040 _aCRL
_cCRL
_bhin
041 _2hin
_ahin
100 _aश्रीवास्तव, सत्येन्द्र कुमार, ले.
_9556172
110 _aदिल्ली विश्वविद्यालय. कला संकाय. दर्शनशास्त्र विभाग
_9556173
245 0 _aजॉं - पॉल सार्त्र के दर्शन में दुरास्था एवं इसके नैतिक परिणाम
246 _aJaॉan - paॉl sārtra ke darshan mean durāsthā evan isake naitik pariṇāma
260 _c2012
300 _a191पृ0
_ap.
_ccm.
650 _aभारतीय दर्शन
700 _aदिल्ली विश्वविद्यालय. कला संकाय. दर्शनशास्त्र विभाग
_9556174
942 _cDIS
_2CC
999 _c887594
_d887594